000
00269nam a22001217a 4500
082
_a
621.381542 REY'C
100
_a
REYNER, J. H
_9
41552
245
_a
CATHODE RAYS OSCILLOGRAPHS
250
_a
2ND
260
_a
LONDON
_b
SIR ISAAC
_c
1945
300
_a
187P
942
_c
BK
999
_c
584898
_d
584898